000 00695nam a2200217Ia 4500
005 20250425162726.0
008 250425s9999 xx 000 0 und d
020 _a1889097691
041 _aspa
082 _a702.88
_pHUT
100 _a Hutchins, Jane K.
245 0 _aPrimeros auxilios para el arte : técnicas básicas de salvamento
_cJane K. Hutchins, Bárbara O. Roberts y traductor María Covadonga Fernández
250 _aPrimera edición
260 _aEasthampton
_bHard Press
_c2006
300 _a108 páginas
_c20 cm.
650 _aArte - Conservación y Restauración
650 _aEsculturas, monumentos de Arte
710 _aHARD PRESS
942 _c01
010 _a103346
999 _c235165
_d235165